000 00740nam a2200253Ia 4500
003 OSt
005 20220928114432.0
006 a|||||r|||| 00| 0
007 ta
008 220927b |||||||| |||| 00| 0 hin d
020 _c85
024 _a116822
037 _b178, 19/09/2012, Eastern Book Linkers
_cTextual
040 _aSDCL
_cSDCL
_bhin
041 _2hin
_ahin
082 _aDelta:87, Q2
100 _aNarayan Kapildev
_9406841
245 0 _aVaamkeshwarimatm.
260 _aVaranasi
_bChowkhamba Krishnadas Academy
_c2012
300 _aviii,72p
_ccm.
650 _aSanskrit
_9391587
942 _hDelta:87, Q2
_cTEXL
_2CC
999 _c754289
_d754289